000 01186nam a2200289Ia 4500
003 OSt
005 20221005105956.0
006 a|||||r|||| 00| 0
007 ta
008 GUJ
020 _a812602383X (hbk)
_c750
024 _a92267
037 _b534, 19/03/2009, Vani Prakashan
_cTextual
040 _aCRL
_cCRL
_bGUJ
041 _2GUJ
_aGUJ
082 _aO156,3M47,KU, 152P6
100 _aगोस्वामी, अशोकपुरी
245 0 _aकुऑं
246 _aKuऑan
260 _aनई दिल्ली
_bसाहित्य अकादेमी भारत
_c2006
300 _a270पृ0
_ccm.
490 _aसाहित्यअकादेमी द्वारा पुरस्कृत गुजराती उपन्यास
650 _aगुजराती साहित्य
700 _a मिश्र, योगेन्द्रनाथ, अनु.
_9624018
942 _hO156,3M47,KU, 152P6
_cTEXL
_2cc
999 _c1017398
_d1017398